| 000 | 00361cam a2200145ua 4500 | ||
|---|---|---|---|
| 041 |
_aeng _h |
||
| 082 |
_a666.3 _bGRE/UN |
||
| 100 | _aGreen, David . | ||
| 245 |
_aUnderstanding pottery glazes / _cDavid Green. _hTextual Documents |
||
| 260 |
_aLondon : _bFaber and Faber Ltd , _c1963. |
||
| 300 | _a128 ; . | ||
| 504 | _a | ||
| 942 | _cBK | ||
| 999 |
_c766 _d766 |
||